[Event "Chess Great Tournament KO for ALL!"]
[Site "SchemingMind.com"]
[Date "2009.11.26"]
[Round "-"]
[White "lemmie"]
[Black "agoodhobby"]
[Result "1/2-1/2"]
[WhiteCountry "NED"]
[BlackCountry "USA"]
[WhiteElo "1617"]
[WhiteRD "52"]
[BlackElo "1533"]
[BlackRD "59"]
[GameID "228215"]

1. e4 c5 2. Nf3 d6 3. Bc4 Nf6 4. Nc3 Nc6 5. d4 cxd4 6. Nxd4 g6 7. Nxc6 bxc6 8. Bg5 Bg7 9. O-O O-O 10. Bb3 h6
11. Be3 e5 12. Qd2 Kh7 13. a3 Ng4 14. h3 Nxe3 15. Qxe3 d5 16. exd5 cxd5 17. Rad1 d4 18. Qe4 Bf5 19. Qe1 Rb8 20. Ne4 Qb6
21. Rd3 a5 22. a4 Rfc8 23. Qe2 Be6 24. Bxe6 Qxe6 25. b3 f5 26. Ng3 e4 27. Rc1 Qd5 28. Rdd1 Rc7 29. Nf1 Rbc8 30. c4 d3
31. Qe3 Qc5 32. Nd2 Qxe3 33. fxe3 Rb7 34. Kf2 Bf8 35. g4 Bb4 36. Rb1 Rcb8 37. gxf5 gxf5 38. Kg3 Bxd2 39. Rxd2 Rxb3 40. Rc1 R3b4
41. Kf4 Kg6 42. Rg2+ Kf6 43. h4 h5 44. Rg5 Rxa4 45. Rxf5+ Kg6 46. Rg5+ Kf6 47. Kxe4 d2 48. Rf1+ Ke6 49. Kd3 Rd8+ 50. Ke2 Rxc4
51. Rd1 a4 52. Rxd2 Rxd2+ 53. Kxd2 Rxh4 54. Ra5 Rg4 55. Rxh5 Rg2+ 56. Kd3 a3 57. Ra5 a2 58. Ke4 Kd7 59. Kd4 Kc6 60. e4 Kb6
61. Ra8 Kb5 62. e5 Kb4 63. e6 Kb3 64. Kd3 Rg7 65. Rb8+ Ka3 66. Kc2 Rc7+ 67. Kd3 a1=Q 68. Ra8+ Kb2 69. Rxa1 Kxa1 70. Ke4 Re7
71. Kd5=
1/2-1/2

[Event "Chess Great Tournament KO for ALL!"]
[Site "SchemingMind.com"]
[Date "2009.11.26"]
[Round "-"]
[White "agoodhobby"]
[Black "lemmie"]
[Result "0-1"]
[WhiteCountry "USA"]
[BlackCountry "NED"]
[WhiteElo "1533"]
[WhiteRD "59"]
[BlackElo "1617"]
[BlackRD "52"]
[GameID "228219"]

1. e4 e5 2. Nf3 Nc6 3. Bb5 a6 4. Ba4 b5 5. Bb3 Nf6 6. O-O Bb7 7. Re1 h6 8. c3 Be7 9. d4 O-O 10. Qd3 d6
11. d5 Nb8 12. Nbd2 Nbd7 13. Bc2 Nc5 14. Qe2 Nh7 15. Nf1 Ng5 16. b4 Nd7 17. Ng3 Nxf3+ 18. Qxf3 Nf6 19. Nf5 Nh7 20. Nxe7+ Qxe7
21. Qg4 Ng5 22. h4 Nh7 23. Bxh6 Qf6 24. Bd2 Bc8 25. Qe2 Qxh4 26. c4 Bd7 27. c5 Nf6 28. f3 Nh5 29. g4 Ng3 30. Qg2 g6
31. Rec1 f5 32. Be1 f4 33. Bxg3 fxg3 34. Bd1 Bxg4 35. Kf1 Bh3
0-1

[Event "Chess Great Tournament KO for ALL!"]
[Site "SchemingMind.com"]
[Date "2009.12.09"]
[Round "-"]
[White "maro"]
[Black "bsheeres"]
[Result "0-1"]
[WhiteCountry "MEX"]
[BlackCountry "USA"]
[WhiteElo "1308"]
[WhiteRD "54"]
[BlackElo "1845"]
[BlackRD "129"]
[GameID "230070"]

1. c4 e5 2. d4 exd4 3. Qxd4 Nc6 4. Qd1 Nf6 5. Nf3 Bc5 6. e3 d6 7. Be2 Be6 8. Nc3 h6 9. O-O Qd7 10. Na4 O-O-O
11. a3 a6 12. Nxc5 dxc5 13. b4 Qxd1 14. Bxd1 Bxc4 15. Re1 cxb4 16. axb4 Nxb4 17. Ne5 Be6 18. Ba3 Rxd1 19. Rexd1 Nc2
0-1

[Event "Chess Great Tournament KO for ALL!"]
[Site "SchemingMind.com"]
[Date "2009.12.08"]
[Round "-"]
[White "bsheeres"]
[Black "maro"]
[Result "1-0"]
[WhiteCountry "USA"]
[BlackCountry "MEX"]
[WhiteElo "1845"]
[WhiteRD "129"]
[BlackElo "1308"]
[BlackRD "54"]
[GameID "230083"]

1. e4 e5 2. Nf3 d6 3. Bc4 Be6 4. Bxe6 fxe6 5. Nc3 d5 6. Nxe5 Qe7 7. Qh5+ g6 8. Nxg6 Qf7 9. Qe5 Bg7 10. Nxh8 Bxe5
11. Nxf7 Kxf7 12. exd5 exd5 13. Nxd5 Nd7 14. d3
1-0

[Event "Chess Great Tournament KO for ALL!"]
[Site "SchemingMind.com"]
[Date "2009.12.31"]
[Round "-"]
[White "APB"]
[Black "Midlander"]
[Result "0-1"]
[WhiteCountry "ENG"]
[BlackCountry "ENG"]
[WhiteElo "1587"]
[WhiteRD "57"]
[BlackElo "2226"]
[BlackRD "75"]
[GameID "232495"]

1. e4 c5 2. Nf3 Nc6 3. d4 cxd4 4. Nxd4 Nf6 5. Nc3 e6 6. Ndb5 Bb4 7. a3 Bxc3+ 8. Nxc3 d5 9. exd5 exd5 10. Bd3 O-O
11. O-O d4 12. Ne4 Bf5 13. f3 h6 14. Nc5 Bxd3 15. Nxd3 Nd5 16. Nc5 Ne3 17. Bxe3 dxe3 18. Qxd8 Raxd8 19. Nxb7 Rd2 20. Rfe1 Rb8
21. Nc5 Rxb2 22. Rac1 Nd4 23. Rxe3 Ne2+ 24. Rxe2 Rxe2
0-1

[Event "Chess Great Tournament KO for ALL!"]
[Site "SchemingMind.com"]
[Date "2009.12.31"]
[Round "-"]
[White "Midlander"]
[Black "APB"]
[Result "1-0"]
[WhiteCountry "ENG"]
[BlackCountry "ENG"]
[WhiteElo "2240"]
[WhiteRD "79"]
[BlackElo "1601"]
[BlackRD "58"]
[GameID "232498"]

1. e4 e5 2. Nf3 Nc6 3. Bb5 a6 4. Bxc6 dxc6 5. O-O f6 6. d4 exd4 7. Nxd4 c5 8. Ne2 Qxd1 9. Rxd1 Bd7 10. Nbc3 O-O-O
11. Be3 Nh6 12. Bxh6 gxh6 13. Nd5 Bb5 14. Nec3 Bc6 15. Nxf6 Bg7 16. e5 Bxf6 17. exf6 Rhf8 18. Rxd8+ Rxd8 19. Re1 Re8 20. Rxe8+ Bxe8
21. Ne4 b6 22. f4 Kd7 23. Kf2 Ke6 24. g4 Bc6 25. Ke3 Be8 26. h4 h5 27. g5 Kf5 28. Nd2 Ke6 29. Nc4 Kf7 30. f5 b5
31. Ne5+ Kg8 32. g6 hxg6 33. fxg6 Bxg6 34. Nxg6 Kf7 35. Nf4 Kxf6 36. Nxh5+ Kf5 37. Ng3+ Kg6 38. Ke4 c6 39. Ke5
1-0

[Event "Chess Great Tournament KO for ALL!"]
[Site "SchemingMind.com"]
[Date "2010.01.04"]
[Round "-"]
[White "jl1234"]
[Black "dudu0815"]
[Result "1-0"]
[WhiteCountry "POL"]
[BlackCountry "BRA"]
[WhiteElo "1801"]
[WhiteRD "71"]
[BlackElo "1030"]
[BlackRD "136"]
[GameID "232959"]

1. c4 e5 2. Nc3 h6 3. Nf3 Nf6 4. Nxe5 Bd6 5. Nf3 O-O 6. d4 a6 7. a3 Nc6 8. e4 b6 9. e5 Be7 10. exf6 Bxf6
11. Be3 Bb7 12. Be2 d6 13. Qd2 Qe7 14. O-O Bc8 15. Nd5 Qe6 16. Nxc7 Qf5 17. Nxa8 Qg6 18. Nxb6 Bh3 19. Ne1 Ne7 20. Bf3 Nf5
21. Kh1 Nh4 22. Rg1 Bg5 23. gxh3 Rb8 24. Na4 d5 25. Bxd5 Qf6 26. f4 Bxf4 27. Bxf4
1-0

[Event "Chess Great Tournament KO for ALL!"]
[Site "SchemingMind.com"]
[Date "2010.01.04"]
[Round "-"]
[White "dudu0815"]
[Black "jl1234"]
[Result "0-1"]
[WhiteCountry "BRA"]
[BlackCountry "POL"]
[WhiteElo "1030"]
[WhiteRD "136"]
[BlackElo "1801"]
[BlackRD "71"]
[GameID "232966"]

1. e4 c5 2. h3 Nc6 3. Nf3 e6 4. a3 Qc7 5. Be2 Nf6 6. Nc3 a6 7. O-O Be7 8. b3 d5 9. Ng5 h6 10. Nf3 dxe4
11. Bb2 exf3 12. Bxf3 Ne5 13. Qe2 Nxf3+ 14. Qxf3 Bd7 15. b4 Bc6 16. Qg3 Qxg3 17. fxg3 O-O 18. Ne2 cxb4 19. axb4 Nd5 20. g4 Bxb4
21. Ng3 Bxd2 22. Nh5 Bc3 23. Rfb1 Bxb2 24. Rxb2 g6 25. Ng3 Ne3 26. c3 Rfd8
0-1

[Event "Chess Great Tournament KO for ALL!"]
[Site "SchemingMind.com"]
[Date "2010.01.01"]
[Round "-"]
[White "Hussar"]
[Black "Clive Everill"]
[Result "1-0"]
[WhiteCountry "POL"]
[BlackCountry "CZE"]
[WhiteElo "1525"]
[WhiteRD "76"]
[BlackElo "1709"]
[BlackRD "47"]
[GameID "233112"]

1. e4 c6 2. Nc3 b5 3. a3 g6 4. Nf3 Bg7 5. d4 e6 6. Bg5 f6 7. Be3 Ne7 8. Bd3 O-O 9. O-O d5 10. e5 f5
11. Ng5 a5 12. Ne2 Ba6 13. Nxe6 Qc8 14. Nxf8 Kxf8 15. Nf4 Ng8 16. Qd2 Ra7 17. Qc3 Nd7 18. e6 Ndf6 19. Qc5+ Re7 20. a4 Ne4
21. Qb6 g5 22. Nh3 f4 23. Bc1 Rxe6 24. Bxe4 Rxe4 25. Nxg5 Rxd4 26. Re1 Rxa4 27. Qc5+ Ne7 28. Qxe7+ Kg8 29. Qf7+ Kh8 30. Re8+
1-0

[Event "Chess Great Tournament KO for ALL!"]
[Site "SchemingMind.com"]
[Date "2010.01.02"]
[Round "-"]
[White "Clive Everill"]
[Black "Hussar"]
[Result "1-0"]
[WhiteCountry "CZE"]
[BlackCountry "POL"]
[WhiteElo "1709"]
[WhiteRD "47"]
[BlackElo "1525"]
[BlackRD "76"]
[GameID "233116"]

1. e4 e5 2. Nc3 Nf6 3. f4 d6 4. Nf3 Nc6 5. d4 exd4 6. Nxd4 Nxd4 7. Qxd4 Be7 8. Bd3 O-O 9. Be3 h6 10. h3 Re8
11. O-O-O Be6 12. g4 a6 13. g5 hxg5 14. fxg5 Nh7 15. h4 b5 16. g6 fxg6 17. e5 g5 18. Qe4 gxh4 19. Qxh7+ Kf8 20. Rdf1+ Bf6
21. exf6 Qxf6 22. Rxf6+ gxf6 23. Bh6#
1-0

[Event "Chess Great Tournament KO for ALL!"]
[Site "SchemingMind.com"]
[Date "2010.01.29"]
[Round "-"]
[White "Clive Everill"]
[Black "andu"]
[Result "0-1"]
[WhiteCountry "CZE"]
[BlackCountry "AUT"]
[WhiteElo "1721"]
[WhiteRD "48"]
[BlackElo "2190"]
[BlackRD "56"]
[GameID "236831"]

1. Nf3 c5 2. g3 Nc6 3. Bg2 d5 4. c4 d4 5. O-O Nf6 6. d3 e5 7. e4 Bd6 8. Ne1 O-O 9. f4 Bd7 10. f5 Qb6
11. b3 Nb4 12. Bg5 Be7 13. Nd2 h6 14. Bxf6 Bxf6 15. Ndf3 Kh8 16. Kh1 a6 17. h4 Qd6 18. g4 Qe7 19. g5 hxg5 20. hxg5 Bxg5
21. Nxg5 Qxg5 22. Rf3 g6 23. Rh3+ Kg7 24. Nf3 Qf4 25. a3 Nc6 26. Kg1 gxf5 27. Rh5 fxe4 28. Rg5+ Kh6 29. dxe4 f6 30. Rf5 Bxf5
31. exf5 Qxf5 32. Qd2+ Kg7 33. Rf1 Qg4 34. Nh2 Qg5 35. Nf3 Qxd2 36. Nxd2 f5 37. Bd5 e4
0-1

[Event "Chess Great Tournament KO for ALL!"]
[Site "SchemingMind.com"]
[Date "2010.01.29"]
[Round "-"]
[White "andu"]
[Black "Clive Everill"]
[Result "1-0"]
[WhiteCountry "AUT"]
[BlackCountry "CZE"]
[WhiteElo "2190"]
[WhiteRD "56"]
[BlackElo "1721"]
[BlackRD "48"]
[GameID "236834"]

1. e4 c6 2. d4 g6 3. Nf3 Bg7 4. Nc3 Nf6 5. Bd3 O-O 6. O-O Na6 7. a3 Nc7 8. Re1 d6 9. h3 Nh5 10. Be3 e5
11. Qd2 exd4 12. Nxd4 a6 13. Be2 Nf6 14. Rad1 d5 15. Nf3 Qe8 16. exd5 Nfxd5 17. Nxd5 Nxd5 18. Bc5 Ne7 19. Bc4 Bf6 20. Qf4 Kg7
21. Qxf6+ Kxf6 22. Bd4+ Kf5 23. Re5+ Kf4 24. Be3#
1-0

[Event "Chess Great Tournament KO for ALL!"]
[Site "SchemingMind.com"]
[Date "2010.02.03"]
[Round "-"]
[White "chesshub"]
[Black "Quirine"]
[Result "1-0"]
[WhiteCountry "FRA"]
[BlackCountry "NED"]
[WhiteElo "2444"]
[WhiteRD "67"]
[BlackElo "2010"]
[BlackRD "92"]
[GameID "237666"]

1. e4 e6 2. d4 d5 3. Nd2 Nf6 4. e5 Nfd7 5. c3 c5 6. Bd3 Nc6 7. Ne2 cxd4 8. cxd4 f6 9. exf6 Nxf6 10. Nf3 Bd6
11. O-O Qc7 12. Bg5 O-O 13. Rc1 Nh5 14. Ng3 Nf4 15. Bb1 h6 16. Bxf4 Bxf4 17. Rc3 Qf7 18. Nh4 g5 19. Ng6 Re8 20. Qh5 Kg7
21. h4 Bd7 22. Rf3 Nxd4 23. Rxf4 gxf4 24. Qe5+
1-0

[Event "Chess Great Tournament KO for ALL!"]
[Site "SchemingMind.com"]
[Date "2010.02.08"]
[Round "-"]
[White "Quirine"]
[Black "chesshub"]
[Result "0-1"]
[WhiteCountry "NED"]
[BlackCountry "FRA"]
[WhiteElo "2010"]
[WhiteRD "92"]
[BlackElo "2444"]
[BlackRD "67"]
[GameID "237670"]

1. d4 Nf6 2. Bg5 d5 3. Bxf6 exf6 4. e3 Bd6 5. c4 dxc4 6. Bxc4 O-O 7. Nc3 f5 8. Qf3 Nd7 9. Nge2 Nf6 10. Nf4 c6
11. O-O Re8 12. Rfe1 Bd7 13. a4 Ne4 14. Rad1 Qc7 15. Qh5 Re7 16. Nd3 Nxc3 17. bxc3 Qa5 18. e4 Qxc3 19. Rc1 Qxd4 20. exf5 Rae8
21. Rxe7 Rxe7 22. g3 Qf6 23. g4 Qd4 24. Qg5 h6 25. Qh4 Bxf5
0-1

[Event "Chess Great Tournament KO for ALL!"]
[Site "SchemingMind.com"]
[Date "2010.02.09"]
[Round "-"]
[White "Shell"]
[Black "Ivancic"]
[Result "0-1"]
[WhiteCountry "ENG"]
[BlackCountry "AUS"]
[WhiteElo "1311"]
[WhiteRD "73"]
[BlackElo "2050"]
[BlackRD "81"]
[GameID "238320"]

1. d4 Nf6 2. c4 e6 3. Nc3 Bb4 4. e3 O-O 5. Bd3 d5 6. Nf3 c5 7. O-O dxc4 8. Bxc4 Nbd7 9. a3 cxd4 10. axb4 dxc3
11. bxc3 Qc7 12. Qb3 Nb6 13. Be2 e5 14. Ra5 Be6 15. Qc2 Nbd7 16. c4 b6 17. Ra6 Rfc8 18. Nd2 Bd5 19. c5 bxc5 20. e4 Bb7
21. Ra5 cxb4 22. Nc4 Qxa5 23. Nxa5 Rxc2 24. Nxb7 Rxe2 25. f3 b3 26. Bg5 a5 27. Bxf6 gxf6 28. Rd1 b2 29. Kf1 Rc2 30. Nd6 Rc1
31. Kf2 Rxd1 32. Nf5 b1=Q 33. Nh6+ Kf8 34. Kg3 a4 35. Nf5 a3 36. Ne3 Rh1 37. Nc4 a2 38. Nd2 Qe1+ 39. Kh3 Qxd2 40. Kg4 a1=Q
41. Kh3 Qg1
0-1

[Event "Chess Great Tournament KO for ALL!"]
[Site "SchemingMind.com"]
[Date "2010.02.09"]
[Round "-"]
[White "Ivancic"]
[Black "Shell"]
[Result "1-0"]
[WhiteCountry "AUS"]
[BlackCountry "ENG"]
[WhiteElo "2050"]
[WhiteRD "81"]
[BlackElo "1311"]
[BlackRD "73"]
[GameID "238325"]

1. e4 e5 2. Nf3 Nc6 3. Bb5 a6 4. Ba4 Nf6 5. O-O Nxe4 6. d4 b5 7. Bb3 d5 8. dxe5 Be6 9. Nbd2 Nc5 10. c3 d4
11. Ng5 Qxg5 12. Qf3 O-O-O 13. Bxe6+ fxe6 14. Qxc6 Qxe5 15. b4 Qd5 16. Qxd5 exd5 17. bxc5 dxc3 18. Nb3 d4 19. Ba3 d3 20. Bb4 Rd5
21. Bxc3 Bxc5 22. Nxc5 Rxc5 23. Bxg7 Rg8 24. Bh6 Rg6 25. Be3 Rd5 26. Rac1 Rd7 27. Rfd1 Kb7 28. f4 Rdg7 29. g3 h5 30. Rxd3 h4
31. Bf2 hxg3 32. Rxg3 c6 33. Rc5 Kc7 34. Rcg5 Rxg5 35. fxg5 b4 36. g6 c5 37. Bxc5 a5 38. h4 Kc6 39. Bf8 Rg8 40. g7 Kb5
41. h5 Ka4 42. h6 Kb5 43. h7 Rxg7 44. Bxg7 a4 45. h8=Q b3 46. Rg5+ Kb4 47. Bf8+
1-0

[Event "Chess Great Tournament KO for ALL!"]
[Site "SchemingMind.com"]
[Date "2010.03.09"]
[Round "-"]
[White "bsheeres"]
[Black "jl1234"]
[Result "1-0"]
[WhiteCountry "USA"]
[BlackCountry "POL"]
[WhiteElo "1907"]
[WhiteRD "117"]
[BlackElo "1754"]
[BlackRD "77"]
[GameID "240995"]

1. e4 e5 2. Nf3 d6 3. Bc4 h6 4. Nc3 Nf6 5. d4 exd4 6. Nxd4 Be7 7. Be3 O-O 8. Qf3 c6 9. Nf5 Bxf5 10. Qxf5 Qd7
11. Qf3 Ng4 12. O-O-O Ne5 13. Qe2 b5 14. Bb3 a5 15. a4 b4 16. Nb1 Qc7 17. f4 Ng6 18. g3 Nd7 19. Nd2 Nf6 20. h4 Rfd8
21. h5 Nf8 22. g4 N6h7 23. Nc4 c5 24. Nd2 Nd7 25. Rdf1 Nb6 26. g5 hxg5 27. fxg5 d5 28. g6 fxg6 29. hxg6 Nf6 30. Bf4 Qd7
31. Qh2
1-0

[Event "Chess Great Tournament KO for ALL!"]
[Site "SchemingMind.com"]
[Date "2010.03.09"]
[Round "-"]
[White "jl1234"]
[Black "bsheeres"]
[Result "0-1"]
[WhiteCountry "POL"]
[BlackCountry "USA"]
[WhiteElo "1754"]
[WhiteRD "77"]
[BlackElo "1907"]
[BlackRD "117"]
[GameID "241001"]

1. d4 d5 2. c4 dxc4 3. Qa4+ Nc6 4. e3 Bd7 5. Qxc4 b5 6. Qc3 e6 7. Bd2 a6 8. a3 Nf6 9. Bd3 g6 10. Nf3 Bg7
11. Qc5 Bf8 12. Qc3 Bg7 13. O-O O-O 14. e4 Ne7 15. Bg5 Bc8 16. Qb4 Nc6 17. Qc5 Bb7 18. e5 Nd7 19. Qc2 Nxd4 20. Bxd8 Nxc2
21. Bxc2 Raxd8 22. Nbd2 Nxe5 23. Be4 Nxf3+ 24. Bxf3 Bxf3 25. Nxf3 Bxb2 26. Ra2 Bg7 27. Rc2 Rd7 28. Rfc1 Rfd8 29. h3 Rd1+ 30. Rxd1 Rxd1+
31. Kh2 Bf8 32. Ra2 Bd6+ 33. g3 Rd3
0-1

[Event "Chess Great Tournament KO for ALL!"]
[Site "SchemingMind.com"]
[Date "2010.04.01"]
[Round "-"]
[White "lemmie"]
[Black "chesshub"]
[Result "0-1"]
[WhiteCountry "NED"]
[BlackCountry "FRA"]
[WhiteElo "1619"]
[WhiteRD "54"]
[BlackElo "2469"]
[BlackRD "72"]
[GameID "243287"]

1. e4 e5 2. Nf3 Nc6 3. Bc4 Bc5 4. c3 Nf6 5. d4 exd4 6. cxd4 Bb4+ 7. Bd2 Bxd2+ 8. Nfxd2 Nxd4 9. Nc3 O-O 10. O-O d6
11. a3 c5 12. h3 Be6 13. Bxe6 fxe6 14. Nb3 e5 15. Re1 Qb6 16. Nxd4 cxd4 17. Na4 Qb5 18. b3 Rac8 19. Rb1 d5 20. exd5 Qxd5
21. b4 d3 22. Nb2 d2 23. Re2 Rfd8 24. a4 Ne4 25. a5 Qa2
0-1

[Event "Chess Great Tournament KO for ALL!"]
[Site "SchemingMind.com"]
[Date "2010.04.26"]
[Round "-"]
[White "Ivancic"]
[Black "Midlander"]
[Result "0-1"]
[WhiteCountry "AUS"]
[BlackCountry "ENG"]
[WhiteElo "1985"]
[WhiteRD "82"]
[BlackElo "2247"]
[BlackRD "75"]
[GameID "246589"]

1. e4 c5 2. Nf3 Nc6 3. d4 cxd4 4. Nxd4 Nf6 5. Nc3 e6 6. Bc4 Bb4 7. O-O Bxc3 8. bxc3 Nxe4 9. Qg4 d5 10. Bb5 O-O
11. Nxc6 bxc6 12. Bxc6 Rb8 13. Ba3 Qb6 14. Bxf8 Kxf8 15. Ba4 Ba6 16. Bb3 Bxf1 17. Rxf1 Nxc3 18. h3 a5 19. a4 Qd4 20. Qh5 Kg8
21. Qg4 Qxg4 22. hxg4 d4
0-1

[Event "Chess Great Tournament KO for ALL!"]
[Site "SchemingMind.com"]
[Date "2010.04.26"]
[Round "-"]
[White "Midlander"]
[Black "Ivancic"]
[Result "1-0"]
[WhiteCountry "ENG"]
[BlackCountry "AUS"]
[WhiteElo "2191"]
[WhiteRD "73"]
[BlackElo "1916"]
[BlackRD "80"]
[GameID "246594"]

1. d4 Nf6 2. c4 e6 3. g3 c5 4. d5 exd5 5. cxd5 d6 6. Nc3 g6 7. Bg2 Bg7 8. Nf3 O-O 9. O-O Re8 10. Nd2 a6
11. a4 b6 12. Nc4 Re7 13. Bf4 Ne8 14. Qb3 Rb7 15. Ne4 Bf8 16. a5 b5 17. Nb6 Raa7 18. Nxc8 Qxc8 19. h3 Nd7 20. Rfc1 Ndf6
21. Nxf6+ Nxf6 22. e4 Nd7 23. Qe3 Qe8 24. Qd2= Ne5 25. b3 Bg7 26. Ra2 Rc7 27. Be3 b4 28. Qe2 f6 29. Raa1 Qb5 30. Qxb5 axb5
31. a6 Rc8 32. Bf1 Rb8 33. Ra5 f5 34. exf5 gxf5 35. Rxb5 Rxb5 36. Bxb5 Nf3+ 37. Kg2 Nd4 38. Bxd4 Bxd4 39. Re1 Rf7 40. Re6
1-0

[Event "Chess Great Tournament KO for ALL!"]
[Site "SchemingMind.com"]
[Date "2010.05.17"]
[Round "-"]
[White "andu"]
[Black "chesshub"]
[Result "0-1"]
[WhiteCountry "AUT"]
[BlackCountry "FRA"]
[WhiteElo "2106"]
[WhiteRD "65"]
[BlackElo "2466"]
[BlackRD "69"]
[GameID "248999"]

1. e4 c5 2. Nf3 e6 3. d4 cxd4 4. Nxd4 a6 5. Bd3 Bc5 6. Nb3 Ba7 7. Nc3 Nc6 8. O-O Nge7 9. Bf4 d6 10. Qh5 Qc7
11. Rae1 Ne5 12. Be3 b5 13. f4 Bxe3+ 14. Rxe3 Qb6 15. Nd1 Nxd3 16. cxd3 O-O 17. Kh1 f5 18. Rh3 h6 19. Ne3 Bd7 20. Qh4 Rf7
21. Rg3 a5 22. exf5 exf5 23. Nc2 Rc8 24. Nbd4 Nc6 25. Nf3 Kf8 26. d4 Be6 27. Rg6 Bxa2 28. Ne3 Ne7 29. Rg3 a4 30. Ra1 Rf6
31. Qh5 Bf7 32. Qh3 Qa5 33. Rf1 Qb4 34. Ne5 dxe5 35. fxe5 Rfc6
0-1

[Event "Chess Great Tournament KO for ALL!"]
[Site "SchemingMind.com"]
[Date "2010.05.17"]
[Round "-"]
[White "chesshub"]
[Black "andu"]
[Result "1-0"]
[WhiteCountry "FRA"]
[BlackCountry "AUT"]
[WhiteElo "2466"]
[WhiteRD "69"]
[BlackElo "2106"]
[BlackRD "65"]
[GameID "249042"]

1. e4 e5 2. Nf3 Nc6 3. Bb5 a6 4. Ba4 Nge7 5. c3 g6 6. d4 exd4 7. cxd4 d5 8. e5 Bg4 9. Bg5 Bxf3 10. Qxf3 b5
11. Bf6 Rg8 12. Bb3 Nxd4 13. Qd3 Nxb3 14. axb3 Bg7 15. O-O Bxf6 16. exf6 Nf5 17. Rxa6 Rxa6 18. Qxb5+ c6 19. Qxa6 Kd7 20. Nc3 Qa8
21. Qb6 Qb8 22. Qc5 Qd6 23. Qa7+ Qc7 24. Qa4 Ke6 25. g4 Nh4 26. Re1+ Kxf6 27. Qd4+ Kg5 28. Re5+ f5 29. f4+ Kxg4 30. Qe3 g5
31. Qe2+ Kxf4 32. Rxd5 Qa7+ 33. Kf1 Re8 34. Qxe8 cxd5 35. Nxd5+ Kg4 36. Qa4+ Qxa4 37. bxa4 Nf3 38. a5 Nd4 39. a6 Nb5 40. b4
1-0

[Event "Chess Great Tournament KO for ALL!"]
[Site "SchemingMind.com"]
[Date "2010.07.21"]
[Round "-"]
[White "Midlander"]
[Black "bsheeres"]
[Result "1-0"]
[WhiteCountry "ENG"]
[BlackCountry "USA"]
[WhiteElo "2267"]
[WhiteRD "70"]
[BlackElo "1947"]
[BlackRD "116"]
[GameID "254841"]

1. g3 e5 2. c4 Nf6 3. Bg2 c6 4. d4 exd4 5. Qxd4 d5 6. cxd5 Nxd5 7. Nf3 Be7 8. Qxg7 Bf6 9. Qh6 Qa5+ 10. Nbd2 Bf5
11. O-O Bg6 12. e4 Ne7 13. Qf4 Nd7 14. Nc4 Qb4 15. Nd6+ Kf8 16. Bh3
1-0

[Event "Chess Great Tournament KO for ALL!"]
[Site "SchemingMind.com"]
[Date "2010.07.21"]
[Round "-"]
[White "bsheeres"]
[Black "Midlander"]
[Result "0-1"]
[WhiteCountry "USA"]
[BlackCountry "ENG"]
[WhiteElo "1903"]
[WhiteRD "113"]
[BlackElo "2228"]
[BlackRD "71"]
[GameID "254845"]

1. e4 g6 2. d4 Bg7 3. Nc3 d6 4. Nf3 Nf6 5. Be2 O-O 6. O-O Bg4 7. Be3 Nc6 8. d5 Bxf3 9. Bxf3 Ne5 10. Be2 c6
11. f3 Qa5 12. Qd2 Rfc8 13. Rad1 cxd5 14. exd5 Nc4 15. Bxc4 Rxc4 16. Qe1 Rac8 17. Bd4 Qb4 18. Qf2 Qxb2 19. Rb1 Qa3 20. Rxb7 Rxc3
21. Bxc3 Qxc3 22. Qxa7 Nxd5 23. Kh1 Bd4 24. Qa4 Qd2
0-1

[Event "Chess Great Tournament KO for ALL!"]
[Site "SchemingMind.com"]
[Date "2010.09.17"]
[Round "-"]
[White "Midlander"]
[Black "chesshub"]
[Result "1/2-1/2"]
[WhiteCountry "ENG"]
[BlackCountry "FRA"]
[WhiteElo "2211"]
[WhiteRD "71"]
[BlackElo "2466"]
[BlackRD "71"]
[GameID "260355"]

1. d4 Nf6 2. c4 e6 3. g3 d5 4. Nf3 Bb4+ 5. Bd2 Be7 6. Bg2 O-O 7. O-O c6 8. Qc2 b6 9. Rd1 Bb7 10. Bf4 Nbd7
11. Nc3 Rc8 12. Ne5 Nh5 13. Bc1 Nhf6 14. e4 dxc4 15. Nxc4 b5 16. Ne3 Qb6 17. b3 Rfe8 18. Bb2 Bf8 19. e5 Nd5 20. Qe2 b4
21. Ne4 Nxe3 22. Qxe3 Red8 23. h4 h6 24. g4 c5 25. g5 Bxe4 26. Bxe4 hxg5 27. hxg5 cxd4 28. Bxd4 Bc5 29. Bxc5 Qxc5 30. Rd4=
1/2-1/2

[Event "Chess Great Tournament KO for ALL!"]
[Site "SchemingMind.com"]
[Date "2010.09.18"]
[Round "-"]
[White "chesshub"]
[Black "Midlander"]
[Result "1-0"]
[WhiteCountry "FRA"]
[BlackCountry "ENG"]
[WhiteElo "2466"]
[WhiteRD "71"]
[BlackElo "2211"]
[BlackRD "71"]
[GameID "260364"]

1. c4 f5 2. Nf3 Nf6 3. g3 g6 4. Bg2 Bg7 5. d4 O-O 6. O-O d6 7. Nc3 Qe8 8. d5 a5 9. Rb1 Na6 10. b3 Bd7
11. Ng5 h6 12. Nf3 Nc5 13. Nd4 c6 14. Bb2 cxd5 15. Nxd5 Nxd5 16. Bxd5+ e6 17. Bg2 Qe7 18. Qd2 a4 19. bxa4 Rxa4 20. Nb3 Nxb3
21. axb3 Ra2 22. Rfd1 Rf7 23. Qc1 Bc6 24. Bxc6 bxc6 25. b4 f4 26. Bxg7 Kxg7 27. Rb2 Rxb2 28. Qxb2+ e5 29. b5 Qf6= 30. f3 fxg3
31. hxg3 cxb5 32. cxb5 Rb7 33. Qb4 Rb6 34. Rc1 Qe7 35. Rc6 Qa7 36. Kg2 Rxc6 37. bxc6 Qa2 38. Qc3
1-0